Популярный энциклопедический словарь

Detalhes bibliográficos
Outros Autores: Фирсанова Т. В. (редактор)
Idioma:russo
Publicado em: Москва, Большая Российская энциклопедия, 1999
Assuntos:
Formato: Livro
KOHA link:https://koha.lib.tpu.ru/cgi-bin/koha/opac-detail.pl?biblionumber=25716

MARC

LEADER 00000nam0a2200000 4500
001 25716
005 20231101205705.0
010 |a 5852702978 
035 |a (RuTPU)RU\TPU\book\25953 
035 |a BOOK00026028 
090 |a 25716 
100 |a 20011209d1999 km y0rusy50 ca 
101 0 |a rus 
102 |a RU 
105 |a а efg 000zy 
200 1 |a Популярный энциклопедический словарь  |f под ред. Т. В. Фирсановой 
210 |a Москва  |c Большая Российская энциклопедия  |d 1999 
215 |a 1583 с.  |c ил. 
606 |a Энциклопедии  |2 stltpush  |3 (RuTPU)RU\TPU\subj\21381  |9 46387 
610 1 |a справочники 
610 1 |a энциклопедические словари 
686 |a Я20  |v LBC/SL-A  |2 rubbk 
702 1 |a Фирсанова  |b Т. В.  |4 340 
801 0 |a RU  |b 63413507  |c 20011209  |g PSBO 
801 2 |a RU  |b 63413507  |c 20181208  |g PSBO 
942 |c BK